000 00268nam a2200097Ia 4500
001 800400
005 20250826171018.0
008 250824s9999 xx 000 0 und d
245 0 _aEYÜP SULTANDA KARIŞAN MEVSİMLER
_cSÜLEYMAN EZBER
260 _bUĞUR BÖCEĞİ YAYINLARI
999 _c800400
_d800400